Édentől keletre
Elmentve itt :
| Dokumentumtípus: | Cikk |
|---|---|
| Megjelent: |
2010-03-06
|
| Sorozat: | Délmagyarország
100 No. 55 |
| Kulcsszavak: | Ferwagner Péter Ákos |
| Online Access: | http://dmarchiv.bibl.u-szeged.hu/128921 |
| LEADER | 00397nab a2200145 i 4500 | ||
|---|---|---|---|
| 001 | delm128921 | ||
| 005 | 20200212134219.0 | ||
| 008 | 200212s2010 hu o 0|| hun d | ||
| 040 | |a SZTE Délmagyarország Archívum |b hun | ||
| 041 | |a hun | ||
| 245 | 0 | 0 | |a Édentől keletre |h [elektronikus dokumentum] |
| 260 | |c 2010-03-06 | ||
| 300 | |a 11 | ||
| 490 | 0 | |a Délmagyarország |v 100 No. 55 | |
| 695 | |a Ferwagner Péter Ákos | ||